000 00892nam a2200253 i 4500
001 59213
003 ES-MaACL
005 20250728232929.0
007 t|
008 031028s1956 sp a |||| | spa d
100 1 _aEmeléus, H. J.
_947140
245 1 0 _aAspectos modernos de la química inorgánica /
_cpor H.J. Emeléus y J.G Anderson ; traducción de J. Coronas, C. del Fresno, J.M. Gamboa ; prólogo de Emilio Jimeneno y Vicente Iranzo.
260 _aBarcelona :
_bManuel Marín,
_c1956 (
_fGrijelmo)
300 _aXV, 488 p. :
_bil. ;
_c23 cm.
650 0 7 _aQuímica inorgánica
_2embne
_916638
700 1 _aAnderson, J. G.
_921450
700 1 _aCoronas, J.
_940685
700 1 _aFresno, Carlos del.
_952534
700 1 _aGamboa, J. M.
_953764
700 1 _aJimeno, Emilio.
_966638
700 1 _aIranzo, Vicente.
_965415
852 _aES-MaACL
_jC-10211
999 _c59213
_d59213